Here Without You - 3 Doors Down - All Lyrics - Statistics

General Stats
  • This quiz has been taken 49 times
  • The average score is 238 of 281
Answer Stats
Answer % Correct
A
100%
Oh
100%
oh,
100%
Oh,
100%
(Woah)
100%
Woah,
100%
woah,
100%
woah
100%
about
97%
all
97%
baby
97%
dream
97%
here
97%
I
97%
I'm
97%
the
97%
The
97%
time
97%
with
97%
without
97%
you,
97%
you
97%
in
95%
on
95%
And
92%
and
92%
my
92%
your
92%
But
89%
but
89%
dreams
89%
me
89%
me,
89%
still
89%
think
89%
you're
89%
can
86%
to
86%
it
84%
It
84%
only
84%
that
84%
have
81%
it's
81%
last
81%
lonely
81%
love
81%
mind
81%
at
78%
yeah
78%
yeah,
78%
(Yeah)
78%
(Yeah,
78%
yeah)
78%
face
76%
pretty
76%
saw
76%
this
76%
tonight,
76%
days
73%
don't
73%
girl,
73%
go
73%
made
73%
take
73%
we
73%
when
73%
When
73%
hundred
70%
just
70%
of
70%
same
70%
away
68%
look
68%
older
68%
say
68%
Since
68%
won't
68%
done
65%
gets
65%
know,
65%
thousand
65%
As
62%
as
62%
colder
62%
hard,
62%
keep
62%
miles
62%
one
62%
people
62%
falls
59%
is
59%
I've
59%
said
59%
hello
57%
now
57%
Everything
54%
life
54%
rolling
54%
disappear
51%
dreaming
51%
lies
51%
separate
51%
They
46%
better
43%
heard
41%
overrated
41%
way
41%
hope
35%
their
32%
leave
30%
anywhere
27%
No matching quizzes found
Score Distribution
Percent of People with Each Score
Percentile by Number Answered
Your Score History
You have not taken this quiz